000 00892nam a22002777a 4500
001 9853
003 FISKH
005 20260309092409.0
008 260309b cb ||||| |||| 00| 0 eng d
020 _a9781564581198
040 _aFISKH
_beng
_cFISKH
_dFISKH
050 _aQC301 .E93
082 _a541.3
100 _aEvans, David
_eAuthor
245 _aMake it change /
_cDavid Evans and Claudette Williams
260 _aNew York :
_bDorling Kindersley, Inc. ,
_c1992
300 _a29 pages :
_bcolor illustrations ;
_c25 cm
490 _aLet's Explore Science
505 _aP
520 _aUses simple observations and experiments to explore how various materials are changed by such processes as heating, wetting, and stirring.
521 8 _a600
_bLexile estimate
521 8 _aP
_bRaz-Plus
650 _aScience
_vPhysical science
942 _2ddc
_cBK
_n0
999 _c9853
_d9853